On becoming Cuban identity, nationality, and culture (Registro nro. 69734)

Detalles MARC
000 -ENCABEZADO
Número de control [NR] 01134nam a22002777a 4500
008 - DE LONGITUD FIJA DE DATOS DE ELEMENTOS - INFORMACIÓN GENERAL
Elementos de longitud fija [NR] 130821s2008 xxuao gr eng
020 ## - NUMERO INTERNACIONAL NORMALIZADO PARA LIBROS [R]
Número Internacional Normalizado del libro [NR] 9780807858998
040 ## - FUENTE DE CATALOGACION [NR]
Agencia de catalogación original [NR] Co-BoUCM
Idioma de catalogación [NR] spa
041 00 - CODIGO DE IDIOMA [R]
Código de idioma para texto/pista de sonido o título separado [R] Inglés
100 1# - ASIENTO PRINCIPAL--NOMBRE PERSONAL [NR]
Nombre personal [NR] Pérez, Louis A.
Fechas asociadas con el nombre [NR] 1943-
ID Autoridad 167475
245 10 - MENCION DE TITULO [NR]
Título [NR] On becoming Cuban identity, nationality, and culture
Mención de responsabilidad, etc. [NR] Louis A. Pérez, Jr
260 ## - PUBLICACION, DISTRIBUCION, ETC. (PIE DE IMPRENTA) [R]
Lugar de publicación, distribución, etc. [R] Chapel Hill (Carolina del Norte, Estados Unidos)
Nombre del editor, distribuidor, etc. [R] University of North Carolina Press
Fecha de publicación, distribución, etc. [R] c2008
300 ## - DESCRIPCION FISICA [R]
Extensión [R] xx, 579 páginas
Otros detalles físicos [NR] ilustraciones, fotografías
490 #0 - MENCION DE SERIE [R]
Mención de serie [R] H. Eugene and Lillian Youngs Lehman series
500 ## - NOTA GENERAL [R]
Nota general [NR] Con un nuevo prólogo del autor.
504 ## - NOTA DE BIBLIOGRAFIA, ETC. [R]
Nota de bibliografía, etc. [NR]
650 04 - ASIENTO SECUNDARIO DE MATERIA - TERMINO TEMATICO [R]
Término temático o nombre geográfico como elemento de entrada [NR] Cultura
Subdivisión geográfica [R] Cuba
9 (RLIN) 150
650 04 - ASIENTO SECUNDARIO DE MATERIA - TERMINO TEMATICO [R]
Término temático o nombre geográfico como elemento de entrada [NR] Historia de América
9 (RLIN) 16931
650 04 - ASIENTO SECUNDARIO DE MATERIA - TERMINO TEMATICO [R]
Término temático o nombre geográfico como elemento de entrada [NR] Nacionalismo
Subdivisión geográfica [R] Cuba
9 (RLIN) 20063
651 #4 - ASIENTO SECUNDARIO DE MATERIA - NOMBRE GEOGRAFICO [R]
Nombre geográfico [NR] Cuba
Geographic name following place entry element [OBSOLETE] Relaciones internacionales
Subdivisión geográfica [R] Estados Unidos
9 (RLIN) 26919
651 #4 - ASIENTO SECUNDARIO DE MATERIA - NOMBRE GEOGRAFICO [R]
Nombre geográfico [NR] Cuba
Subdivisión general [R] Civilización
-- Influencia
Subdivisión geográfica [R] Estados Unidos
9 (RLIN) 26919
651 #4 - ASIENTO SECUNDARIO DE MATERIA - NOMBRE GEOGRAFICO [R]
Nombre geográfico [NR] Cuba
Subdivisión general [R] Historia
9 (RLIN) 67775
651 #4 - ASIENTO SECUNDARIO DE MATERIA - NOMBRE GEOGRAFICO [R]
Nombre geográfico [NR] Estados Unidos
Geographic name following place entry element [OBSOLETE] Relaciones internacionales
Subdivisión geográfica [R] Cuba
9 (RLIN) 7595
942 ## - ELEMENTOS DE ENTRADA AGREGADOS (KOHA)
Tipo de ítem principal el descrito en 300a Libro
Tema principal Historia
Edición 1
Parte restante de la signatura top. P944o
Sistema de clasificación DEWEY
Clasificación 972.91
Existencias
Fecha de último préstamo Total préstamos Total Renewals Signatura topográfica Código de barras Última vez visto Ejemplar Price effective from Tipo de ítem Perdido Sistema de clasificación Dañado No prestable Tipo de ítem específico Suprimido Ubicación habitual Ubicación actual Localización Fecha de creación Forma de adquisición Costo
17/05/2018 7 6 972.91 P944o 100109741 10/12/2025 Ej.1 03/02/2013 Libro   DEWEY     Libro   Claustro Claustro 2do piso 30/09/2010 Compra 50732.00